000
00347nam a2200169Ia 4500
100
_a
Schildt/ Herbert
650
_a
Java
250
_a
7
942
_c
BK
366
_f
25
245
_a
Complete Reference JAVA
260
_b
Tata McGraw Hill
_c
2007
082
_a
5.133
_b
SCH
300
_a
1024
546
_a
ENGLISH
_c
PAMPHALETS
999
_c
30770
_d
30770